[Event "Titled Tuesday intern op 25th Apr Late"]
[Site "Chess.com INT"]
[Date "2023.04.25"]
[Round "3"]
[White "Simonovic, Miroslav"]
[Black "Figorito, Nick"]
[Result "1-0"]
[WhiteElo "2097"]
[BlackElo "2036"]
[PlyCount "141"]
[EventDate "2023.04.25"]
[EventType "swiss (blitz)"]
[EventRounds "11"]
[EventCountry "USA"]
[SourceTitle "EXT 2024"]
[Source "ChessBase"]
[SourceDate "2023.10.10"]
[SourceVersion "1"]
[SourceVersionDate "2023.10.10"]
[SourceQuality "1"]

1. d4 Nf6 2. Bg5 d5 3. Bxf6 exf6 4. e3 Bd6 5. c4 c6 6. cxd5 cxd5 7. Nc3 0-0 8. a3 Be6 9. g3 Nd7 10. Bg2 Nb6 11. Nge2 Nc4 12. b4 a5 13. Qb3 axb4 14. Bxd5 Bxd5 15. Nxd5 Nxa3 16. 0-0 f5 17. Nxb4 Bxb4 18. Qxb4 Nc2 19. Rxa8 Nxb4 20. Rxd8 Rxd8 21. Rb1 Nc6 22. Rxb7 g6 23. Nf4 Kf8 24. h4 Ne7 25. Nd3 Nc8 26. Ne5 Nd6 27. Ra7 h5 28. Kg2 Kg7 29. Rd7 Rxd7 30. Nxd7 f6 31. f3 Kf7 32. Kf2 Ke6 33. Nf8+ Kf7 34. Nd7 Ke6 35. Nc5+ Kf7 36. Ke2 Nc4 37. Kd3 Nb2+ 38. Kc2 Nc4 39. Kd3 Nb2+ 40. Ke2 Nc4 41. f4 Nd6 42. Kd3 Ke7 43. e4 fxe4+ 44. Nxe4 Nf5 45. Kc4 Ke6 46. d5+ Ke7 47. Kc5 Kd8 48. d6 Ke8 49. Nxf6+ Kf7 50. Ne4 Ke6 51. Kc6 Nd4+ 52. Kc7 Nb5+ 53. Kd8 Nxd6 54. Nxd6 Kxd6 55. Ke8 Ke6 56. Kf8 Kf6 57. Kg8 Ke6 58. Kg7 Kf5 59. Kf7 Kg4 60. Kxg6 Kxg3 61. f5 Kxh4 62. f6 Kg4 63. f7 h4 64. f8Q h3 65. Qf1 Kg3 66. Qh1 h2 67. Kh5 Kh3 68. Kg5 Kg3 69. Kf5 Kh3 70. Kf4 Kh4 71. Qxh2# 1-0

[Event "Titled Tuesday intern op 18th Apr Late"]
[Site "Chess.com INT"]
[Date "2023.04.18"]
[Round "8"]
[White "Mikheev, Stanislav Valerievi"]
[Black "Simonovic, Miroslav"]
[Result "1/2-1/2"]
[WhiteElo "2311"]
[BlackElo "2097"]
[PlyCount "131"]
[EventDate "2023.04.18"]
[EventType "swiss (blitz)"]
[EventRounds "11"]
[EventCountry "USA"]
[SourceTitle "EXT 2024"]
[Source "ChessBase"]
[SourceDate "2023.10.10"]
[SourceVersion "1"]
[SourceVersionDate "2023.10.10"]
[SourceQuality "1"]

1. c4 c5 2. Nf3 Nc6 3. g3 e5 4. Bg2 g6 5. 0-0 Bg7 6. Nc3 Nge7 7. d3 0-0 8. Bg5 h6 9. Bd2 d6 10. a3 Be6 11. Rb1 a5 12. Ne1 d5 13. cxd5 Nxd5 14. Nc2 Nd4 15. Nxd5 Bxd5 16. Bxd5 Qxd5 17. Ne3 Qe6 18. Nc4 b6 19. e3 Nf5 20. Qf3 Rab8 21. Rfd1 Rfd8 22. Bc3 Nd6 23. Nxb6 Rxb6 24. Bxa5 Rdb8 25. Bxb6 Rxb6 26. Rdc1 e4 27. dxe4 Qxe4 28. Qxe4 Nxe4 29. Rc2 Rb3 30. Kg2 Nc3 31. Rbc1 Na4 32. Rc4 Bxb2 33. R1c2 Rxa3 34. Rxa4 Rxa4 35. Rxb2 Ra7 36. Rb8+ Kg7 37. Rc8 Ra5 38. Kf3 Kf6 39. Ke4 Ra2 40. Rc6+ Ke7 41. Kf3 Rc2 42. e4 h5 43. Ke3 c4 44. h4 Kd7 45. Rc5 Kd6 46. Ra5 Rc3+ 47. Kd4 Rc2 48. Ra6+ Ke7 49. Rc6 Rxf2 50. Rxc4 Rf3 51. Rc3 Rxc3 52. Kxc3 f6 53. Kd4 Ke6 54. Kd3 Ke5 55. Ke3 Ke6 56. Kf4 Ke7 57. e5 fxe5+ 58. Kxe5 Kf7 59. Ke4 Kf6 60. Kf4 Kf7 61. Kg5 Kg7 62. g4 hxg4 63. Kxg4 Kh7 64. Kg5 Kg7 65. h5 gxh5 66. Kxh5 1/2-1/2

[Event "Titled Tuesday intern op 18th Apr Early"]
[Site "Chess.com INT"]
[Date "2023.04.18"]
[Round "7"]
[White "Sanchez, Roberto Daniel"]
[Black "Simonovic, Miroslav"]
[Result "0-1"]
[WhiteElo "1966"]
[BlackElo "2097"]
[PlyCount "44"]
[EventDate "2023.04.18"]
[EventType "swiss (blitz)"]
[EventRounds "11"]
[EventCountry "USA"]
[SourceTitle "EXT 2024"]
[Source "ChessBase"]
[SourceDate "2023.10.10"]
[SourceVersion "1"]
[SourceVersionDate "2023.10.10"]
[SourceQuality "1"]

1. e4 c5 2. Nf3 Nc6 3. d4 cxd4 4. Nxd4 g6 5. Bc4 Bg7 6. Be3 d6 7. Nc3 Nf6 8. f3 0-0 9. Qd2 Re8 10. 0-0-0 Bd7 11. Bb3 Rc8 12. h4 h5 13. Bg5 Nxd4 14. Qxd4 Nh7 15. Qd5 Nxg5 16. hxg5 Be6 17. Qxb7 Bxb3 18. Qxb3 Rb8 19. Qc4 Qa5 20. Rd5 Qb6 21. b3 Qe3+ 22. Kb2 Rec8 0-1